Oceania Countries By First 2 Letters - Statistics

General Stats
  • This quiz has been taken 564 times
  • The average score is 13 of 14
Answers on the Map
Answers color-coded by a green-red scale on the quiz's map according to % correct below.
 
Answer Stats
Country % Correct
Australia
99%
New Zealand
97%
Palau
96%
Papua New Guinea
96%
Fiji
95%
Marshall Islands
94%
Solomon Islands
94%
Federated States Of Micronesia
91%
Kiribati
91%
Tuvalu
91%
Samoa
90%
Vanuatu
89%
Nauru
88%
Tonga
88%
No matching quizzes found
Score Distribution
Percent of People with Each Score
Percentile by Number Answered
Your Score History
You have not taken this quiz